=LDR 00000nam 2200000 4500 =001 INLIS000000000028898 =005 20200506085846 =035 ##$$a 0010-061300000028898 =008 200506################g##########0#ind## =041 ##$$a Ind =082 ##$$a 2x4.000 2 =090 ##$$a 2x4.000 2, Mal j =100 1#$$a Maliki, Sayyid Muhammad =245 1#$$a Jalan menuju Ilahi, /$c Sayyid Muhammad Alwi Bin Abbas Al Maliki =260 ##$$a Jakarta :$b Nuansa press,$c 2004 =300 ##$$a 272 hlm, ; $c 13 x 21 cm =650 #4$$a Agama Islam =850 ##$$a NBPNMAT =084 ##$$a 2x4.000 2 MAL j =250 ##$$a cet.1 =990 ##$$a 1679/Pb.04